000 00731nam a2200229Ii 4500
003 JO-AjNU
008 230605s9999||||xx |||||||||||||| ||und||
017 _a2017/4/1694
020 _a978-9957-616-83-0
040 _aJO-AjNU
_bara
_erda
_cJO-AjNU
041 _aara
050 1 4 _aQA277.A9982 2018
100 3 _aصبري، عزام عبد الرحمن,
_eauthor
_957953
245 0 0 _aالاختبارات الإحصائية المعلمية
250 _aط1
264 3 1 _aعمان: دار صفاء للنشر والتوزيع، 2018
300 _a260ص
336 _atext
_btxt
_2rdacontent
337 _aunmediated
_bn
_2rdamedia
338 _avolume
_bnc
_2rdacarrier
650 4 _aالاحصاء الرياضي
_957954
999 _aA26000
_c29568
_d29568